|
|
|
|
| LEADER |
00000nam0a2200000 4500 |
| 001 |
252841 |
| 005 |
20231101232804.0 |
| 010 |
|
|
|a 5020019917
|
| 020 |
|
|
|a RU
|b 89-40177
|
| 035 |
|
|
|a (RuTPU)RU\TPU\book\275199
|
| 090 |
|
|
|a 252841
|
| 100 |
|
|
|a 20140306d1986 k a0rusy5003 ca
|
| 101 |
0 |
|
|a rus
|
| 102 |
|
|
|a RU
|
| 105 |
|
|
|a a z 001zy
|
| 200 |
1 |
|
|a Защита изделий из ниобиевых сплавов от высокотемпературной газовой коррозии
|f А. И. Борисенко, С. В. Хашковский
|g Академия наук СССР (АН СССР), Институт химии силикатов им. И. В. Гребенщикова (ИХС) ; под ред. Г. И. Журавлева
|
| 210 |
|
|
|a Ленинград
|c Наука
|d 1986
|
| 215 |
|
|
|a 40 с.
|c ил.
|
| 606 |
1 |
|
|a Ниобиевые сплавы
|x Защитные покрытия
|2 stltpush
|3 (RuTPU)RU\TPU\subj\46251
|9 65418
|
| 610 |
1 |
|
|a газовая коррозия
|
| 610 |
1 |
|
|a высокотемпературная газовая коррозия
|
| 610 |
1 |
|
|a ниобий
|
| 610 |
1 |
|
|a наплавляемые покрытия
|
| 610 |
1 |
|
|a получение
|
| 610 |
1 |
|
|a свойства
|
| 610 |
1 |
|
|a нанесение
|
| 610 |
1 |
|
|a закрепление
|
| 675 |
|
|
|a 669.293
|v 3
|
| 700 |
|
1 |
|a Борисенко
|b А. И.
|g Анатолий Исидорович
|
| 701 |
|
1 |
|a Хашковский
|b С. В.
|g Семен Васильевич
|
| 702 |
|
1 |
|a Журавлев
|b Г. И.
|4 340
|
| 712 |
0 |
2 |
|a Академия наук СССР (АН СССР)
|b Институт химии силикатов им. И. В. Гребенщикова (ИХС)
|c (Ленинград)
|2 stltpush
|3 (RuTPU)RU\TPU\col\11534
|
| 801 |
|
0 |
|a RU
|b RuMRKP
|c 19950417
|g psbo
|
| 801 |
|
1 |
|a RU
|b 63413507
|c 20140306
|
| 801 |
|
2 |
|a RU
|b 63413507
|c 20150825
|g RCR
|
| 942 |
|
|
|c BK
|